Rozdiely vo faktoroch formovania zamestnanosti na úrovni národného hospodárstva a na úrovni vybraného regiónu diplomová práca

Na minha lista:
Detalhes bibliográficos
Autor principal: Mikolášová, Iveta
Autor Corporativo: Národohospodárska fakulta EU. Katedra hospodárskej politiky
Outros Autores: Morvay, Karol, 1973-
Formato: Livro
Idioma:eslovaco
Publicado em: Bratislava 2015
Tags: Adicionar Tag
Sem tags, seja o primeiro a adicionar uma tag!

MARC

LEADER 00000nbm a2200000 4500
001 0202449
005 20161212095134.1
041 0 |a slo 
044 |a SK 
245 1 0 |a Rozdiely vo faktoroch formovania zamestnanosti na úrovni národného hospodárstva a na úrovni vybraného regiónu  |b diplomová práca  |c Iveta Mikolášová ; školiteľ: Karol Morvay 
264 1 |a Bratislava  |c 2015 
300 |a 66 s. 
100 1 |a Mikolášová, Iveta 
700 1 |a Morvay, Karol, 1973- 
710 2 |a Národohospodárska fakulta EU. Katedra hospodárskej politiky